Umbral: vida, obra y pecados (Record no. 18585)

MARC details
000 -LEADER
campo de control de longitud fija 00788nam a2200241 i 4500
001 - NÚMERO DE CONTROL
campo de control 18585
003 - IDENTIFICADOR DE NÚMERO DE CONTROL
campo de control ES-MaACL
005 - FECHA Y HORA DE LA ÚLTIMA TRANSACCIÓN
campo de control 20240222063046.0
007 - CAMPO FIJO DE DESCRIPCIÓN FÍSICA--INFORMACIÓN GENERAL
campo de control de longitud fija t|
008 - DATOS DE LONGITUD FIJA--INFORMACIÓN GENERAL
campo de control de longitud fija 011031s2001 sp |||| |dspa j
020 ## - NÚMERO INTERNACIONAL ESTÁNDAR DEL LIBRO
Número Internacional Estándar del Libro 84-95440-14-8
080 ## - NÚMERO DE LA CLASIFICACIÓN DECIMAL UNIVERSAL
Número de la Clasificación Decimal Universal 929 Umbral, Francisco (047.53)
100 1# - ENTRADA PRINCIPAL--NOMBRE DE PERSONA
Nombre de persona Umbral, Francisco,
Fechas asociadas al nombre 1932-2007
9 (RLIN) 111971
245 10 - MENCIÓN DEL TÍTULO
Título Umbral: vida, obra y pecados
Resto del título : conversaciones /
Mención de responsabilidad, etc. Eduardo Martínez Rico.
260 ## - PUBLICACIÓN, DISTRIBUCIÓN, ETC.
Lugar de publicación, distribución, etc. Tres Cantos (Madrid) :
Nombre del editor, distribuidor, etc. Foca,
Fecha de publicación, distribución, etc. [2001]
300 ## - DESCRIPCIÓN FÍSICA
Extensión 419 p ;
Dimensiones 22 cm.
490 1# - MENCIÓN DE SERIE
Mención de serie Foca investigación ;
Designación de volumen o secuencia 14
600 14 - PUNTO DE ACCESO ADICIONAL DE MATERIA--NOMBRE DE PERSONA
Nombre de persona Umbral, Francisco,
Fechas asociadas al nombre 1932-2007-
Subdivisión de forma Entrevistas
9 (RLIN) 111973
700 1# - ENTRADA AGREGADA--NOMBRE PERSONAL
Nombre de persona Martínez Rico, Eduardo.
9 (RLIN) 78359
830 0# - PUNTO DE ACCESO ADICIONAL DE SERIE-TÍTULO UNIFORME
Título uniforme Foca investigación ;
Designación de volumen o secuencia 14
9 (RLIN) 180472
852 ## - LOCALIZACIÓN
Ubicación ES-MaACL
Número de control de estantería L-25148
Holdings
Estatus retirado Estado de pérdida Estado de daño No para préstamo Biblioteca de origen Biblioteca actual Ubicación en estantería Fecha de adquisición Fuente de adquisición Total de préstamos Signatura topográfica completa Código de barras Visto por última vez Precio de reemplazo Tipo de ítem Koha
        Biblioteca del Ateneo de Madrid Biblioteca del Ateneo de Madrid Depósito 2 17/01/2008     L-25148 1019019 23/02/2023 23/02/2023 Libro impreso